000 01201nam a22003857a 4500
001 0036831
003 KOHA_MİRAKIL
005 20260207003018.0
007 ta
008 120430b1997 tu |||gr||||#||||0|tur |
020 _a975752784X
040 _aTR-BiSEU
_btur
_cTR-BiSEU
_erda
041 0 _atur
044 _ctu
050 _aQH541
_b.O93 1997
100 1 _aÖzdemir, Şevket.
245 1 _aTemel ekoloji bilgisi ve çevre sorunları/
_cŞevket Özdemir ; Şevket Özdemir.
264 1 _aAnkara :
_bHatiboğlu Yayınları
_c1997
300 _a235 s. ;
_c24 cm.
336 _ametin
_btxt
_2rdacontent
337 _aaracısız
_bn
_2rdamedia
338 _acilt
_bnc
_2rdacarrier
490 1 _aHatiboğlu Yayınları ;
_v105.
490 1 _aYükseköğretim dizisi ;
_v32.
500 _aKaynakça var.
650 0 _aEcology.
_918721
650 0 _aEnvironmental protection.
_929574
650 0 _aPollution--Environmental aspect.
_953529
650 0 _aEkoloji.
_96770
650 0 _aÇevre koruma.
_910870
650 0 _aKirlenme--Çevresel açıdan.
_969577
830 1 _aHatiboğlu Yayınları ;
_v105.
_97057
830 1 _aYükseköğretim dizisi ;
_v32.
_95557
942 _2lcc
_cBK
999 _c36717
_d36717